Technological planning and social futures (Record no. 156)

MARC details
000 -LEADER
fixed length control field 00509nam a2200193Ia 4500
020 ## - INTERNATIONAL STANDARD BOOK NUMBER
ISBN 0-470-43997-1
082 ## - DEWEY DECIMAL CLASSIFICATION NUMBER
Classification number 306.46 JAN-;
100 ## - MAIN ENTRY--AUTHOR NAME
Personal name Jantsch, Erich
245 #0 - TITLE STATEMENT
Title Technological planning and social futures
260 ## - PUBLICATION, DISTRIBUTION, ETC. (IMPRINT)
Place of publication New York
Name of publisher John Wiley
Year of publication 1972
300 ## - PHYSICAL DESCRIPTION
Number of Pages xiv, 256p.
504 ## - BIBLIOGRAPHY, ETC. NOTE
Bibliography, etc Includes index
650 ## - SUBJECT ADDED ENTRY--TOPICAL TERM
Topical Term Technology - Planning
650 ## - SUBJECT ADDED ENTRY--TOPICAL TERM
Topical Term Social prediction
650 ## - SUBJECT ADDED ENTRY--TOPICAL TERM
Topical Term Social forecast
650 ## - SUBJECT ADDED ENTRY--TOPICAL TERM
Topical Term Technological forecasting
650 ## - SUBJECT ADDED ENTRY--TOPICAL TERM
Topical Term Technology - Social aspects
942 ## - ADDED ENTRY ELEMENTS (KOHA)
Koha item type Books
Holdings
Withdrawn status Lost status Damaged status Not for loan Home library Current library Date acquired Full call number Accession Number Price effective from Koha item type
        NASSDOC Library NASSDOC Library 08/06/2004 306.46 JAN-; 5424 18/04/2019 Books